Selling Out : (Record no. 615911)

MARC details
000 -LEADER
fixed length control field 00490nam a2200193 a 4500
008 - FIXED-LENGTH DATA ELEMENTS--GENERAL INFORMATION
fixed length control field 260227s2004##################000#0#eng##
020 ## - INTERNATIONAL STANDARD BOOK NUMBER
ISBN 9780060735821
082 04 - DEWEY DECIMAL CLASSIFICATION NUMBER
Classification number 324.7809
Item number GRE
100 1# - MAIN ENTRY--AUTHOR NAME
Personal name Green, Mark,
245 10 - TITLE STATEMENT
Title Selling Out :
260 ## - PUBLICATION, DISTRIBUTION, ETC. (IMPRINT)
Name of publisher Harper Collins,
Year of publication 2004.
300 ## - PHYSICAL DESCRIPTION
Number of Pages 356 pages
650 #0 - SUBJECT ADDED ENTRY--TOPICAL TERM
Topical Term Business & Economics.
942 ## - ADDED ENTRY ELEMENTS (KOHA)
Koha item type English Books
Holdings
Withdrawn status Lost status Damaged status Not for loan Home library Current library Shelving location Date acquired Full call number Accession Number Price effective from Koha item type
        Anna Centenary Library Anna Centenary Library 3RD FLOOR, B WING 27.02.2026 324.7809 GRE 467640 27.02.2026 English Books

Find us on the map